LEADER 01255nam--2200409---450- 001 990000411670203316 005 20050509165658.0 010 $a88-7016-113-7 035 $a0041167 035 $aUSA010041167 035 $a(ALEPH)000041167USA01 035 $a0041167 100 $a20010423d1990----km-y0itay0103----ba 101 $ait 102 $aITA 105 $a||||||||001yy 200 1 $aBarth contemporaneo$f[scritti di] Sergio Rostagno$ga cura di Sergio Rostagno 210 $aTorino$cClaudiana$d1990 215 $a250 p.$d24 cm 225 2 $aCollana della Facoltà Valdese di Teologia$v16 410 $12001$aCollana della Facoltà Valdese di Teologia$v16 600 1 $aBarth,$bKarl$xSaggi 676 $a922.443 702 1$aROSTAGNO,$bSergio 801 0$aIT$bsalbc$gISBD 912 $a990000411670203316 951 $aII 2 1328(XIV 394)$b113839 L.M.$cXIV 394 959 $aBK 969 $aUMA 979 $aPATTY$b90$c20010423$lUSA01$h1049 979 $c20020403$lUSA01$h1649 979 $aSIAV6$b10$c20040121$lUSA01$h1601 979 $aSIAV6$b10$c20040121$lUSA01$h1602 979 $aPATRY$b90$c20040406$lUSA01$h1629 979 $aCOPAT7$b90$c20050509$lUSA01$h1656 996 $aBarth contemporaneo$9874740 997 $aUNISA LEADER 02748nam 2200589Ia 450 001 9910461908603321 005 20200520144314.0 010 $a0-8179-1076-X 035 $a(CKB)2670000000276530 035 $a(EBL)1370664 035 $a(SSID)ssj0000757043 035 $a(PQKBManifestationID)11437591 035 $a(PQKBTitleCode)TC0000757043 035 $a(PQKBWorkID)10753441 035 $a(PQKB)10797877 035 $a(MiAaPQ)EBC3301838 035 $a(Au-PeEL)EBL3301838 035 $a(CaPaEBR)ebr10622891 035 $a(CaONFJC)MIL551668 035 $a(OCoLC)876507535 035 $a(EXLCZ)992670000000276530 100 $a20100903d2010 uy 0 101 0 $aeng 135 $aur|n|---||||| 181 $ctxt 182 $cc 183 $acr 200 10$aSyria through jihadist eyes$b[electronic resource] $ea perfect enemy /$fNibras Kazimi 210 $aStanford, Calif. $cHoover Institution Press$dc2010 215 $a1 online resource (140 p.) 225 1 $aHoover Institution Press publication ;$vno. 586 300 $a"Herbert & Jane Dwight Working Group on Islamism and the International Order"--t.p. 311 $a0-8179-1075-1 320 $aIncludes bibliographical references and index. 327 $aFront Cover; Book Title; Copyright; Contents; Foreword; Introduction; A Note on the Terms ''Nusayri-'Alawite'' and''Bilad al-sham''; The Legacy of Textual Incitements to Jihad; From Threat to Nuisance; Back to Being a Threat; A Global Call for Arms; Expressions of Sectarianism; Implications for Policy; Notes; About the Author; About the Hoover Institution's Herbert and JaneDwight Working Group on Islamism and theInternational Order; Index 330 $aWith field notes accumulated in a Syrian environment not generally hospitable to research and inquiry, Nibras Kazimi provides a unique view of the Syrian regime and its base at home, filling a void in our understanding of the intelligence barons and soldiers who run that country. He offers a look at the tactical, propagandists and strategic ingredients required, in jihadist eyes, for a successful jihad?and whether those ingredients are available in Syria. 410 0$aHoover Institution Press publication ;$v586. 606 $aTerrorism$zSyria 606 $aTerrorism$zSyria$xPrevention 608 $aElectronic books. 615 0$aTerrorism 615 0$aTerrorism$xPrevention. 676 $a364 700 $aKazimi$b Nibras$0862894 712 02$aHerbert and Jane Dwight Working Group on Islamism and the International Order. 801 0$bMiAaPQ 801 1$bMiAaPQ 801 2$bMiAaPQ 906 $aBOOK 912 $a9910461908603321 996 $aSyria through jihadist eyes$91926368 997 $aUNINA LEADER 01774nam 2200385 n 450 001 996383927603316 005 20221108100032.0 035 $a(CKB)1000000000593991 035 $a(EEBO)2240871852 035 $a(UnM)99828311 035 $a(UnM)9928003700971 035 $a(EXLCZ)991000000000593991 100 $a19950410d1660 uy | 101 0 $aeng 135 $aurbn||||a|bb| 200 10$aDooms-day. Or, The great day of the Lord drawing nigh$b[electronic resource] $eby certain signs and tokens thereof, foretold by our Lord Jesus Christ. Wherein is declared, that there shall be an end of the world; and that all men shall appear before the judgement-seat of Christ, there to be made partakers either of everlasting life in the kingdom of Heaven, or of everlasting woe and miserable torments in Hell to all eternity. The twelfth edition with additions. Very useful for all those that desire to be saved. By Andrew Jones M.A. Licensed, and entred according to order 205 $aThe 25th edition, with additions : very useful for all those that desire to be saved. 210 $aLondon $cprinted for John Andrews, at the White Lion near Pye-Corner$d1660 215 $a[16] p. $cport 300 $aHalf-title: Dooms-day at hand. 300 $aReproduction of original in Huntington Library. 330 $aeebo-0018 606 $aSalvation$vEarly works to 1800 606 $aJudgment Day$vSermons$vEarly works to 1800 615 0$aSalvation 615 0$aJudgment Day 700 $aJones$b Andrew$cM.A.$0569681 801 0$bCu-RivES 801 1$bCu-RivES 801 2$bCStRLIN 801 2$bWaOLN 906 $aBOOK 912 $a996383927603316 996 $aDooms-day: or, The great day of the Lord drawing nigh$92357512 997 $aUNISA